000 00417nam a2200145Ia 4500
008 140529s9999 xx 000 0 und d
050 _aPJ 6307
_b.C6 1958
100 _aCowan, David.
245 3 _aAn introduction to modern literary Arabic /
_cDavid Cohan
260 _aCambridge [Eng.] :
_bCambridge University Press,
_cc1958.
300 _a205 p. ;
_c22 cm.
521 _aGE
942 _kFOR
_cBK
999 _c117863
_d117863